000 00192nam a2200085 4500
001 1300986
005 20260422151432.0
245 _aYOKLA KALBİNİ
_cMEFKURE MALHUN KESKİN
260 _bALTIN KALEM
999 _c1300986
_d1300986